000 00869nas a2200277 4500
001 BR0604121
003 BR-BrBNA
005 20231205110416.0
007 ta
008 230509b bl.|||p| |||| 00| 00por d
040 _aBR-BrBNA
_bpor
_cBiblioteca Nacional de Agricultura
041 _a(Pt)
072 _aL10
100 1 _aGiannoti, J.D.G.
100 1 _aPacker, I.U.
100 1 _aMercadante, M.E.Z.
100 1 _aLeandro, R.A.
245 1 _aMetanálise bayesiana de parâmetros genéticos para características de crescimento em bovinos de corte
650 _aGADO DE CORTE
650 _aPARÂMETRO GENÉTICO
650 _aCRESCIMENTO
650 _aHEREDITARIEDADE
773 0 _tPesquisa Agropecuária Brasileira (Brazil)
_xISSN 0100-204X
_g(Jan 2006), v. 41(1) p. 15-22
_wBR0604121
909 _a202311
_bLúcia
_c55
_dLúcia Elande
942 _2AGRIS
_n0
_cANA
999 _c187272
_d187272